Olympic judo : history and techniques

Bibliographic Details
Main Author: Soames, Nicolas
Other Authors: Finch, David (Photography), Inman, Roy
Format: Book
Published: Wiltshire : Crowood Press , 1990
Subjects:

MARC

LEADER 00000cam a2200000 7i4500
001 0000001709
002 000001860
005 20000330.0
020 |a 185223489X 
090 0 0 |a 796.8152   |b SOA 
100 1 |a Soames, Nicolas 
245 1 0 |a Olympic judo :   |b history and techniques   |c Nicolas Soames and Roy Inman 
260 |a Wiltshire :   |b Crowood Press ,   |c 1990 
300 |a 253p. :   |b ill. ;   |c 25cm. 
650 0 0 |a Judo 
700 1 |a Finch, David ,   |e Photography 
700 1 |a Inman, Roy 
999 |a 034853   |b BUKU   |c PINJAMAN   |e PERPUSTAKAAN KOMUNITI PETALING JAYA 
999 |a 034854   |b BUKU   |c PINJAMAN   |e PERPUSTAKAAN KOMUNITI PETALING JAYA